[Event "Elista FIDE GP"]
[Site "Elista"]
[Date "2008.12.22"]
[Round "8"]
[White "Cheparinov, Ivan"]
[Black "Alekseev, Evgeny V"]
[Result "1-0"]
[WhiteElo "2696"]
[BlackElo "2715"]
[Annotator "Marin,M"]
[PlyCount "69"]
[EventDate "2008.12.14"]
[EventType "tourn"]
[EventRounds "13"]
[EventCountry "RUS"]
[EventCategory "19"]
[SourceTitle "CBM 128"]
[Source "ChessBase"]
[SourceDate "2009.01.28"]
[SourceVersion "1"]
[SourceVersionDate "2009.01.28"]
[SourceQuality "1"]

1. e4 e5 2. Nf3 Nc6 3. Bb5 a6 4. Ba4 Nf6 5. O-O Be7 6. Re1 b5 7. Bb3 d6 8. c3
O-O 9. h3 Nb8 10. d4 Nbd7 11. Nbd2 Bb7 12. Bc2 Re8 13. a4 Bf8 14. Bd3 {By
employing this slow system of development, White does not pretend to refute
the Breyer variation. Instead, he aims to maintain the tension for as long as
possible, maintaining the centre under control and preventing freeing pawn
breaks in the centre. Since Black is under no immediate pressure, he can
arrange his pieces as he wishes and employ different move orders. However,
there comes a time when he should undertake some concrete action, or else he
will be suffocated, as will happen in this game.} c6 15. b3 (15. Rb1 $5 $146 {
Topalov,V (2813)-Mamedyarov,S (2728)/Hoogeveen 2006/CBM 115/[Marin,M] (1-0, 50)
}) 15... Qc7 16. Bb2 g6 ({I have made a Survey of the whole variation in my
notes to} 16... d5 $5 $146 {1/2 Svidler,P (2750)-Carlsen,M (2698)/Moscow 2006/
CBM 116/[Marin] (29). Now, I will only insert game fragments that are closely
related with the main game.}) 17. Qc2 Rac8 18. Bf1 Qb8 19. Rad1 Bg7 20. g3 {
A relatively new plan. Black seems to have completed his regrouping, but risks
remaining short of strengthening moves, while White can still improve his
position further.} Ba8 {This still looks like an useful move, by overdefending
the b5-pawn in view of an eventual break in the centre.} ({A more fluent
regrouping was carried out in the following blitz game:} 20... Nf8 21. Bg2 Ne6
22. b4 Nd7 23. axb5 axb5 24. dxe5 Nxe5 25. Nd4 c5 $132 {Ponomariov,R (2718)
-Ivanchuk,V (2781)/Moscow 2008/CBM 126 Extra (0-1, 36)}) 21. axb5 axb5 ({
As a Pirc player, I would seriously consider} 21... cxb5 $5 {aiming to give
the position an assymetrical character, for instance} 22. d5 {[%csl Ra8]} Rc7 {
[%cal Ga8b7,Gb7c8,Gg7h6]} 23. b4 (23. c4 b4 $1 {[%cal Gd7c5]}) 23... Nb6 $1 {
[%csl Gc4]}) 22. b4 Bf8 $6 {Starting with this move, Black loses the thread
and plays without a clear plan. With all his pieces on optimal squares, he
could consider opening the centre already.} (22... c5 $5 23. bxc5 exd4 24. cxd4
dxc5 25. d5 c4 {Ponomariov,R (2722)-Sasikiran,K (2666)/Biel 2004/CBM 102/
[Wedberg] (1-0, 62)}) (22... d5 $5 23. dxe5 Nxe5 24. Nxe5 Rxe5 $132 25. f4 $6 (
25. c4 dxc4 26. Bxe5 Qxe5 $44) 25... Qb6+ 26. Kh1 (26. Kh2 $2 Qf2+) (26. Kg2
Nxe4 $17 {[%csl Gf2][%cal Ga8g2]}) 26... Rh5 27. e5 Ng4 $36) 23. Qb3 h6 $6 (
23... Bg7 $5 24. dxe5 $140 Nxe5 25. c4 bxc4 26. Nxc4 Nxf3+ 27. Qxf3 Re6 $11) (
23... d5 $5) 24. dxe5 Nxe5 25. c4 bxc4 26. Nxc4 Nfd7 $2 (26... Qc7 $14 {
would still have offered chances to hold the position.}) 27. Nfxe5 Nxe5 28.
Nxe5 dxe5 29. Rd7 $18 {Black cannot defend the f7-square for too long.} Re7 30.
Red1 Rce8 31. Bc4 Kg7 32. Qf3 c5 33. Qxf7+ $1 Rxf7 34. Rxf7+ Kh8 35. Rdd7 1-0

[Event "Morelia/Linares 24th"]
[Site "Morelia/Linares"]
[Date "2007.02.21"]
[Round "4"]
[White "Anand, Viswanathan"]
[Black "Morozevich, Alexander"]
[Result "1-0"]
[WhiteElo "2779"]
[BlackElo "2741"]
[Annotator "Marin,M"]
[PlyCount "117"]
[EventDate "2007.02.17"]
[EventType "tourn"]
[EventRounds "14"]
[EventCountry "ESP"]
[EventCategory "20"]
[SourceTitle "CBM 117"]
[Source "ChessBase"]
[SourceDate "2007.03.30"]
[SourceVersion "1"]
[SourceVersionDate "2007.03.30"]
[SourceQuality "1"]

1. e4 e5 2. Nf3 Nc6 3. Bb5 a6 4. Ba4 Nf6 5. O-O Be7 6. Re1 b5 7. Bb3 d6 8. c3
O-O 9. h3 Nb8 {The Breyer system has become fashionable lately, but this is
precisely the reason why Morozevich' choice might seem a bit surprising. The
Russian GM usually prefer to play his "own theory".} 10. d4 Nbd7 11. Nbd2 Bb7
12. Bc2 Re8 13. Nf1 Bf8 14. Ng3 c6 $5 ({Of course. Instead of the almost
authomatically played} 14... g6 {, Morozevich employs a move that has been
played only once, 51 (!) years ago.}) 15. Nf5 Qc7 ({The old game lost its
theoretical significance after} 15... g6 $2 16. Nh6+ Bxh6 ({Sad necessity. If} 
16... Kg7 {then} 17. Ng5 $1 {and the f7-pawn is impossible to defend, for
instance} Re7 18. Nhxf7 {and the knight is taboo because of the fork on e6.})
17. Bxh6 {. After giving up his bishop, Black had an awful position in
Burstein-Thomson, Moscow ol 1956.}) 16. dxe5 dxe5 17. Nh2 c5 18. Qf3 c4 {
Black clears the c5-square for his queen's knight. With his next moves, White
will put pressure on the f6-square, in order to take advantage of the
predictable departure of the knight from d7.} 19. Bg5 Re6 20. Rad1 Nc5 21. Bxf6
(21. Nh6+ Kh8 {offers White absolutely nothing.}) 21... Rxf6 22. Ng4 Re6 23.
Nge3 {After this voluntary retreat, White can hardly claim an advantage.} ({
As known, playing on both wings increases the chances for success. Therefore,} 
23. b4 {(one of Fischer's favourite moves in the closed Spanish) deserves
serious attention.} cxb3 {(Maybe Black should refrain from this capture, but
this would mean to withdraw with his best placed piece.} 24. axb3 {[%csl Ge6,
Gf7][%cal Yb3b4,Yc2b3] followed by b4 and Bb3, when the pressure against the
black kingside would become quite annoying..}) 23... Qa5 24. a3 g6 {Black
enjoys almost absolute stability on dark squares, while White's activity has a
temporary character. We can conclude that the opening experiment has been
crowned with success.} 25. Nd5 $5 {Rudolf Spielmann used to call this "a
passive sacrifice", meaning that Black is not forced to accept it. By simply
continuing his development, he will gradually take over the advantage.} Rd8 ({
After} 25... gxf5 $2 26. exf5 {followed by Qg3+ and Qxe5, White's attack would
become very dangerous, especially that the black queen is far away from the
kingside.}) 26. Qg3 Rd7 27. Nfe3 Qd8 28. Qf3 Bg7 ({Black could undermine
White's centre with} 28... f5 $5 {The threat of fxe4 forces White give up a
piece immediately with} 29. exf5 $5 {, which would lead to a rather unclear
situation, for instance} Red6 30. fxg6 hxg6 31. Qg4 Bxd5 32. Nxd5 Rxd5 33. Rxd5
Rxd5 34. Qxg6+ Bg7 35. Qh7+ Kf8 36. Re3 Rd6 (36... Nd7 37. Rf3+ Nf6 38. g4 $44)
37. Rg3 Qe7 38. Qf5+ Bf6 39. Rg6) ({Morozevich' decision to increase the
pressure by indirect means is more technical in principle, as it will
practically force White to make an awful positional concession. Nevertheless,} 
28... Red6 {might have been even better and if} 29. g4 {then} Bh6 $17 {[%csl
Gf4,Gh4] and White's position is anything but appealing.}) 29. a4 Red6 30. axb5
axb5 $17 {Now Black really threatens ...f5, questioning White's stability in
the centre.} 31. g4 {Anand did not find any constructive way to sacrifice a
piece after ...f5, and decides to prevent it by mechanical means. However, the
dark squares are seriousloy weakened now and Black's advantage becomes even
more obvious.} Qh4 ({Possibly premature. The queen was well placed on d8,
keeping the d5-knight under pressure and defending the queenside (the
a5-square in first line).} 31... Bh6 $5 {followed by ...Bxe3 deserves serious
attention.}) 32. Ra1 Ne6 33. Qg3 Qxg3+ 34. fxg3 {White has spoiled his pawn
structure, but has solved the problem of the f4-square at least.} Nc5 $2 ({
By neglecting the defence of the b5-pawn, Black offers his opponent strong
counterplay.} 34... Nc7 {, exchanging the active knight, would have preserved
some advantage.}) 35. h4 h6 36. Ra5 {Black has problems defending his
queenside now.} Bc6 37. Nb4 Bxe4 38. Bxe4 Nxe4 39. Rxb5 {The position has
changed in radical way. Suddenly, Black's initiative is not easy to develop,
while his pawns are hanging.} Nd2 ({When embarking this line, Morozevich might
have overlooed that} 39... Nxg3 {loses material to} 40. Kg2 Ne4 41. Nxc4) 40.
Kg2 e4 41. Re2 Bf8 42. Ned5 {White dominates the board now. Black can do very
little for survival.} e3 43. Nxe3 Re6 44. Nbd5 Nb3 45. Nf4 Rc6 46. Nxc4 Rxc4
47. Rxb3 Kg7 48. Rb5 Bc5 49. g5 hxg5 50. hxg5 Be7 51. Kf3 Bd8 52. Re4 Rc6 53.
Kg4 Rd2 54. Rd5 Rxd5 55. Nxd5 Re6 56. Rxe6 fxe6 57. Nf4 Kf7 58. Nd3 Bc7 59. Kf3
1-0

[Event "FIDE World Cup"]
[Site "Baku"]
[Date "2015.10.02"]
[Round "7.2"]
[White "Karjakin, Sergey"]
[Black "Svidler, Peter"]
[Result "0-1"]
[WhiteElo "2762"]
[BlackElo "2727"]
[Annotator "Marin,M"]
[PlyCount "76"]
[EventDate "2015.09.11"]
[EventType "k.o."]
[EventRounds "7"]
[EventCountry "AZE"]
[SourceTitle "CBM 169"]
[Source "ChessBase"]
[SourceDate "2015.11.10"]
[SourceVersion "1"]
[SourceVersionDate "2015.11.10"]
[SourceQuality "1"]

1. e4 e5 2. Nf3 Nc6 3. Bb5 a6 4. Ba4 Nf6 5. O-O Be7 6. Re1 b5 7. Bb3 O-O 8. c3
d6 9. h3 Nb8 10. d4 Nbd7 11. Nbd2 Bb7 12. Bc2 ({In the Ruy Lopez a2-a4 is a
thematic move, activating the queen's rook and weakening the black queenside.
Since in this game White will play it a bit earlier than in the main lines, it
is worth mentioning that} 12. a4 {is premature since Black has not committed
his f8-rook yet:} c5 13. d5 c4 14. Bc2 Nc5 15. Nf1 Qc7 16. Ng3 Rfb8 $1 {
The most effective regrouping, forcing White to release the queenside tension
and give away the control of the a-file.} 17. Nf5 Bf8 18. Qe2 Bc8 19. g4 Bd7
20. axb5 axb5 21. Bg5 Ne8 22. Nd2 Ra7 23. Be3 Rba8 $36 {Polgar,J (2658)
-Kasparov,G (2851) Internet KC 2000 (1/2-1/2, 49)}) 12... Re8 13. a4 $5 ({
After the usual} 13. Nf1 Bf8 14. Ng3 g6 15. a4 {Black has a choice between two
reliable systems:} c5 ({The modern trend is} 15... Bg7 16. Bd3 c6) 16. d5 c4)
13... Bf8 (13... c5 {would have probably transposed to one of the main lines
mentioned above, but maybe Svidler intended to play the modern one, based on
refraining from ...c7-c5.}) 14. Bd3 c6 15. Qc2 $5 ({White could, of course,
transpose with} 15. Nf1 {as for instance in a game played in the same
tournament:} Qc7 16. Ng3 g6 17. Bg5 Bg7 18. Qd2 Nf8 19. Bh6 Ne6 20. Bxg7 Kxg7
21. Bf1 Rad8 22. b4 Nd7 {Dominguez Perez,L (2732)-Adams,M (2742) Baku 2015 (1/
2-1/2, 38). But Karjakin wants to make full use of the concrete move order,
keeping his knight close to the queenside.}) 15... Rc8 ({In a somewhat older
game, one of the main specialists of the ...c7-c6 system with Black kept
regrouping as in the main line:} 15... g6 16. b4 Nb6 17. a5 $6 {Stabilising
Black's queenside.} ({It is true, though, that} 17. axb5 axb5 18. Rxa8 Bxa8 19.
dxe5 dxe5 20. Nb3 {offers White only some temporary control as after} Qc7 21.
Be3 Nbd7 {it would be hard to stop the equalising ...c6-c5 for too long.})
17... Nbd7 18. Bb2 Rc8 19. c4 exd4 20. Bxd4 bxc4 21. Qxc4 c5 $15 {Berg,E (2623)
-Sasikiran,K (2694) Dresden 2008 (0-1, 63)}) 16. axb5 axb5 17. b4 c5 $5 $146 {
A surgical novelty.} ({After} 17... Qc7 {Black eventually landed in troubles
in Karjakin,S (2767)-Carlsen,M (2868) Stavanger 2013 CBM 155 (0-1, 46) [Marin,
M]}) ({But the slow treatment of the position is entirely viable as in the
following classical game:} 17... g6 18. Bb2 Nh5 19. g3 exd4 20. cxd4 d5 21. Bc3
Nb6 22. e5 Rc7 23. Nb3 Bc8 24. Kg2 Ng7 25. Nh2 h5 26. Nc5 Nc4 27. Nf3 Bf5 {
Short,N (2635)-Portisch,L (2605) Wijk aan Zee 1990 (½-½, 56), with a
harmonious position for Black.}) 18. bxc5 exd4 (18... dxc5 {would offer White
a dangerous initiative based on activating his Spanish bishop:} 19. Bxb5 cxd4
20. Bc4 dxc3 21. Qxc3 {[%csl Gb7,Gf7]} Qc7 (21... Re7 22. Ba3 Nc5 23. Rab1 $36)
22. Bxf7+ $1 Kxf7 23. Ng5+ Kg8 (23... Ke7 24. Ba3+ Nc5 25. Nb3 $18) (23... Kg6
24. Qg3 $18 {[%cal Gd2f3,Gf3h4,Rg5e6]}) 24. Qb3+ Bd5 25. exd5 $14 {Even though
the d5-pawn is most likely doomed, the weakness of the e5-pawn will leave
Black struggling in the endgame.}) 19. c6 ({White has not developed enough to
build up a massive centre:} 19. cxd4 dxc5 20. d5 c4 21. Bf1 Bc5 $36 {[%cal
Gd8b6,Gf6h5]}) 19... dxc3 {This is the simplest solution, but it allows White
to retain some symbolic advantage.} (19... Bxc6 $5 {is more ambitious but not
easy at all to calculate:} 20. Nxd4 b4 21. Ba6 (21. cxb4 Bb5 22. Qb3 Bxd3 23.
Qxd3 d5 $132) (21. Nxc6 Rxc6 22. Bb2 bxc3 23. Bxc3 Qc7 $15) 21... bxc3 $1 (
21... Rc7 22. cxb4) 22. Bxc8 cxd2 23. Bxd2 Bxe4 24. Bxd7 Bxc2 25. Bxe8 Be4 $11)
20. cxb7 cxd2 21. Qxd2 Rb8 22. Bxb5 Qb6 {A viable move, even though it will
eventually lose a tempo.} (22... Rxb7 23. Bc6 {[%cal Ga1a8] offers White some
initiative.}) ({But} 22... Qc7 $5 {may be a slight improvement over the game.})
23. Rb1 Qxb7 24. Bd3 Qa8 25. Rxb8 Rxb8 26. Bb2 {+/=/= White has the bishop
pair, more space and the better structure. But in view of the reduced number
of pawns, his chances to prove anything concrete are very slim.} Qa2 27. Re2 h6
28. Qc1 Qb3 29. Bc4 Qb7 30. Qd1 ({Since White intended to play e4-e5 it would
have made sense to keep the bishop pair in the process, but unfortunately} 30.
e5 dxe5 31. Nxe5 Nxe5 32. Bxe5 {allows the queen exchange with an obvious draw:
} Qb1) 30... Re8 31. Bxf6 {Betting on an illusory attack.} (31. e5 dxe5 32.
Nxe5 Nxe5 33. Bxe5 {is not too promising either, but White would at least keep
some symbolic pressure.}) 31... Nxf6 32. e5 dxe5 33. Nxe5 Re7 34. Qd4 Nd7 {
Those thinking the game would not last for too long were right, but they
surely failed to guess the result as a draw looks inevitable already.} 35. Nxf7
{This does not spoil anything yet, as after general exchanges on f7 the
reduced material would not offer Black any winning chances. In fact, the f7/f2
square theme will be recurrent in this match.} ({But a more restrictive move
order was} 35. Rb2 Qc7 36. Nxf7 Rxf7 {when Karjakin's manoeuvre} 37. Rb5 {
is entirely playable, but not really effective after, say,} Bc5) 35... Rxf7 36.
Rb2 Qc6 {Occupying the square on offer.} 37. Rb5 $4 {Bringing the last
reserves into the attack is not too threatening, as Rf5 can always be met with
...Nf6.} ({Karjakin's blunder was probably intended as an improvement over} 37.
Rb3 {which allows (among many other playable moves)} Ne5) 37... Kh8 $1 {
As simple as that. The white rook is hanging, meaning Black keeps his extra
piece.} 38. Rd5 $6 {Shortening the agony.} Nb6 {Confronted with new material
losses, Karjakin resigned. With hindsight, Karjakin's blunder can be regarded
as a non-intentional psychological gambit. Had the game ended in a draw,
Svidler might have kept his composure and his minimal advantage on the score
table, but facing the perspective to win easier than expected he took a few
highly uninspired decisions.} 0-1